000 00789nam a22001817a 4500
999 _c59033
_d59033
003 Ge_BSU
005 20221102145000.0
008 221102s1998 ge ||||| |||| 00| 0 geo d
041 _ageo
080 _a 343(479.22) გ-19
100 _aგამყრელიძე, ოთარ
_92834
245 _aბრძოლა სამართლებრივი სახელმწიფოსათვის :
_bწ. 1 /
_cო. გამყრელიძე.
264 _aთბილისი :
_bსოციალ.-ეკონ. ინ-ტი,
_c1998.
300 _a288 გვ.;
_b20 სმ.
653 _aსაქართველოს სისხლის სამართალი
653 _aსიტყვის თავისუფლება
942 _2udc
_cBK